000 01082nmc a2200373 a 4500
003 AR-BaBNM
005 20251128203929.0
008 175119s1970 ||||||||||||||000 | spa||
040 _cAR-BaBNM
100 1 _aVolpicelli, Luigi
245 1 0 _aLa televisión y los jóvenes
250 _a1ª ed.
260 _aBuenos Aires
_bEstrada
_c1970
300 0 _a150 p.
490 0 _aBiblioteca de ciencias de la educación
500 0 _aApéndice: "La televisión educativa en la República Argentina"
650 4 _aMEDIOS DE COMUNICACION DE MASAS
650 4 _aTELEVISION COMERCIAL
650 4 _aPROCESO DE COMUNICACION
650 4 _aPSICOLOGIA DE LA COMUNICACION
650 4 _aSOCIOLOGIA DE LA COMUNICACION
650 4 _aPSICOLOGIA DEL ADOLESCENTE
650 4 _aCINE
650 4 _aRADIO
650 4 _aLECTURA
650 4 _aDEPORTE
650 4 _aTELEVISION EDUCATIVA
650 4 _aOPINION PUBLICA
651 4 _aArgentina
700 1 _aMartínez Alinari, María Luisa
_etraductor
800 1 _aZanotti, Luis Jorge
_edirector
942 _cBK
998 _cHector
999 _c5511
_d5511